000 00754nam a2200229Ia 4500
005 20250425162539.0
008 250425s9999 xx 000 0 und d
020 _a0071432493
041 _aeng
082 _a621.3813
_pLEH
100 _aLehpamer, Harvey
245 0 _aMicrowave Transmission Networks
_bPlanning, Design, and Deployment
_cHarvey Lehpamer
260 _aEstados Unidos, New York
_bMcGraw-Hill
_c2004
300 _a273 p.
_bIlustrado
_c23 cm
500 _aIncluye tabla de contenido, bibliografia, indice, glosario
650 _aDespliegue de microondas
_eInstalación de microondas
650 _aRedes de transmisión
650 _aTransmisión por microondas
902 _aMonográfico
_cImpreso
942 _c01
010 _a84662
999 _c231461
_d231461